| 000 | 02277cam a22004218i 4500 | ||
|---|---|---|---|
| 001 | 21875306 | ||
| 003 | NUST | ||
| 005 | 20221018153340.0 | ||
| 006 | m |o d | | ||
| 007 | cr ||||||||||| | ||
| 008 | 210122s2021 nyu o 000 1 eng | ||
| 010 | _a 2021002598 | ||
| 020 |
_a9781982173630 _q(ebook) |
||
| 020 |
_z9781982173616 _q(hardback) |
||
| 020 |
_z9781982173623 _q(paperback) |
||
| 038 | _aAzhar | ||
| 040 |
_aDLC _beng _cDLC _erda |
||
| 042 | _apcc | ||
| 050 | 0 | 0 | _aPS3561.I483 |
| 082 | 0 | 0 |
_a813.54 _223 _bKIN |
| 100 | 1 |
_aKing, Stephen, _d1947- _eauthor. _97636 |
|
| 245 | 1 | 0 |
_aBilly Summers : _ba novel _cStephen King. |
| 250 | _aFirst Scribner hardcover edition. | ||
| 260 |
_aNew York : _bScribner, _c2021. |
||
| 263 | _a2108 | ||
| 300 | _a517p | ||
| 336 |
_atext _btxt _2rdacontent |
||
| 337 |
_acomputer _bc _2rdamedia |
||
| 338 |
_aonline resource _bcr _2rdacarrier |
||
| 520 |
_a"When Billy Summers was twelve years old, He shot and killed his mother's boyfriend after he kicked Billy's sister to death. At 17, he enlisted in the army. At 18, he was a sniper in Iraq and involved in the deadly battle to recapture Fallujah. For nearly twenty years, he's worked as a paid assassin. He's a good guy in a bad job, and he wants out. He takes on a very complicated, very lucrative job that he hopes will be his last. He's got a perfect new identity lined up and a scrupulously orchestrated, flawless escape plan. And then something happens that changes everything for Billy. A stranger needs rescuing, and Billy sacrifices the safety of his own perfectly devised new life to offer her protection. And then the two of them-the most compelling and surprising duo in King fiction-set out on one last mission, to rectify the injustices of one extraordinarily evil man"-- _cProvided by publisher. |
||
| 563 | _aHB | ||
| 588 | _aDescription based on print version record and CIP data provided by publisher; resource not viewed. | ||
| 655 | 7 |
_aSuspense fiction. _2gsafd |
|
| 776 | 0 | 8 |
_iPrint version: _aKing, Stephen, 1947- _tBilly Summers _bFirst Scribner hardcover edition. _dNew York : Scribner, 2021. _z9781982173616 _w(DLC) 2021002597 |
| 906 |
_a7 _bcbc _corignew _d1 _eecip _f20 _gy-gencatlg |
||
| 942 |
_2ddc _cLC |
||
| 999 |
_c591900 _d591900 |
||